Phases finales du Supersevens 2021. - Statistiques

Statistiques générales
  • Ce quiz a été pris 28 fois
  • Le résultat moyen est 7 sur 8
Statistiques - réponses
Réponse % Correct
RC Toulon
95%
Section paloise
95%
Racing 92
90%
Monaco rugby sevens
85%
Stade rochelais
85%
ASM Clermont
85%
Biarritz olympique
80%
Barbarians français
80%
Aucun quiz correspondant
Distribution des résultats
% des personnes avec chaque résultat
Percentile par nombre de réponses
Votre historique - résultats
Vous n’avez pas pris ce quiz